000
00273nam a22001217a 4500
008
170206b xxu||||| |||| 00| 0 eng d
041
_a
eng
080
_2
7ED
_a
61
100
_a
3
101
_a
SHM
245
_a
BUILDING MEDICAL VOCABULARY
_c
PEGGY.C.LEONARD
942
_2
udc
_c
BK
999
_c
4720
_d
4720